O pequeno livro do ikigai (Registo nº 36746)
[ vista simples ]
| 000 -Etiqueta do registo | |
|---|---|
| Valores | 00784nam a2200265 4500 |
| 010 ## - Número ISBN | |
| ISBN | 9789722370783 |
| 021 ## - Número do Depósito Legal | |
| Código do país | Portugal |
| Número | 515712/23 |
| 100 ## - Dados gerais de processamento | |
| Dados gerais | 20231127d2023 m y0pory50030103ba |
| 101 1# - Língua de publicação | |
| Língua | Português |
| 102 ## - País de publicação | |
| País | Portugal |
| 200 1# - Titulo e menção de responsabilidade | |
| Título próprio | O pequeno livro do ikigai |
| Primeira menção de responsabilidade | Ken Mogi |
| Outras menções de responsabilidade | trad. Ana Cristina Pais |
| 205 ## - Menção da edição | |
| Edição | 2.ª ed |
| 210 #9 - Publicação | |
| Local de publicação | Lisboa |
| Nome do editor | Presença |
| Data de publicação | 2023 |
| 215 ## - Descrição física | |
| Paginação / Volumes | 119 p. |
| Outras indicações físicas | il. |
| Dimensões | 24 cm |
| 304 ## - Nota relativa ao título | |
| Texto de nota | Tít. orig: The little book of ikigai |
| 675 ## - CDU | |
| Notação | 159.923(035) |
| Edição | BN |
| Língua | por |
| 675 ## - CDU | |
| Notação | 615.85(035) |
| Edição | BN |
| Língua | por |
| 700 ## - Autor principal | |
| Apelido | Mogi |
| Nome | Ken |
| ID Autoridade | 7080 |
| 702 ## - Autor secundário | |
| ID Autoridade | 7007 |
| Apelido | Pais, |
| Nome | Ana Cristina |
| Função | Tradutor |
| 801 #0 - Fonte de origem | |
| País | PT |
| Agência | BN |
| Regras de catalogação | RPC |
| 856 41 - Localização e acesso electrónico | |
| URL | <a href="http://rnod.bnportugal.gov.pt/ImagesBN/winlibimg.aspx?skey=&doc=2150363&img=186332&save=true">http://rnod.bnportugal.gov.pt/ImagesBN/winlibimg.aspx?skey=&doc=2150363&img=186332&save=true</a> |
| 090 ## - Tipo de documento | |
| Koha biblioitem number (autogenerated) | 36746 |
| 990 ## - Elementos KOHA | |
| Tipo de documento | Livro |
| 994 ## - Estado da catalogação | |
| Situação | Completo |
| Situação do levantamento | Situação do extravio | Biblioteca de origem | Biblioteca de empréstimo | Código de barras | Cota | Permissão de empréstimo | Tipo de documento | Forma de aquisição |
|---|---|---|---|---|---|---|---|---|
| Completo | Biblioteca Municipal de Viana Do Alentejo | Biblioteca Municipal de Viana Do Alentejo | 0035238 | 159.9 MOG | Disponível | Livro | Compra |